000
00298nam a22001337a 4500
008
170801b xxu||||| |||| 00| 0 eng d
020
_a
2908120313803
041
_a
eng
080
_a
004
100
_a
32
101
_a
SHK
245
_a
DISTRIBUTED OPERATING SYSTEMS
_c
SINHA,P.K
942
_2
udc
_c
BK
999
_c
22395
_d
22395